书目信息 |
| 题名: |
现代茶叶生产实用技术问答
|
|
| 作者: | 王友海 , 邬运辉 , 邓余良 主编 | |
| 分册: | ||
| 出版信息: | 武汉 湖北科学技术出版社 2019 |
|
| 页数: | 10,129页 | |
| 开本: | 26cm | |
| 丛书名: | 丘陵山区迈向绿色高效农业丛书 | |
| 单 册: | ||
| 中图分类: | S571.1 | |
| 科图分类: | ||
| 主题词: | 茶树--栽培技术--基本知识 | |
| 电子资源: | ||
| ISBN: | 978-7-5706-0604-7 | |
| 000 | 00998nam0 2200277 450 | |
| 001 | 012001002242 | |
| 005 | 20131110103257.0 | |
| 010 | @a978-7-5706-0604-7@dCNY32.00 | |
| 100 | @a20190715d2019 em y0chiy50 ea | |
| 101 | 0 | @achi |
| 102 | @aCN@b420000 | |
| 105 | @aa z 000yy | |
| 106 | @ar | |
| 200 | 1 | @a现代茶叶生产实用技术问答@Axian dai cha ye sheng chan shi yong ji shu wen da@f王友海,邬运辉,邓余良主编 |
| 210 | @a武汉@c湖北科学技术出版社@d2019 | |
| 215 | @a10,129页@c彩图@d26cm | |
| 225 | 1 | @a丘陵山区迈向绿色高效农业丛书 |
| 330 | @a本书主要介绍了茶树生长与繁殖,茶园建设与管理,有机菜生产,茶园病虫害的防治,茶叶采制技术,茶叶贮运、包装和销售管理,科学饮茶等内容。 | |
| 410 | 0 | @12001 @a丘陵山区迈向绿色高效农业丛书 |
| 606 | 0 | @a茶树@x栽培技术@x基本知识 |
| 690 | @aS571.1@v5 | |
| 701 | 0 | @a王友海@Awang you hai@4主编 |
| 701 | 0 | @a邬运辉@Awu yun hui@4主编 |
| 701 | 0 | @a邓余良@Adeng yu liang@4主编 |
| 801 | 0 | @aCN@b北京卓展@c20191020 |
| 905 | @b1199973-6@dS571.1@e107@f4 | |
| 现代茶叶生产实用技术问答/王友海,邬运辉,邓余良主编.-武汉:湖北科学技术出版社,2019 |
| 10,129页:彩图;26cm.-(丘陵山区迈向绿色高效农业丛书) |
| ISBN 978-7-5706-0604-7:CNY32.00 |
| 本书主要介绍了茶树生长与繁殖,茶园建设与管理,有机菜生产,茶园病虫害的防治,茶叶采制技术,茶叶贮运、包装和销售管理,科学饮茶等内容。 |
| ● |
| 相关链接 |
|
|
|
|
正题名:现代茶叶生产实用技术问答
索取号:S571.1/107
 
预约/预借
| 序号 | 登录号 | 条形码 | 馆藏地/架位号 | 状态 | 备注 |
| 1 | 1199973 | 211999738 | 第二样本阅览室/ [索取号:S571.1/107] | 在馆 | |
| 2 | 1199974 | 211999747 | 第三借阅区/ [索取号:S571.1/107] | 在馆 | |
| 3 | 1199975 | 211999756 | 第三借阅区/ [索取号:S571.1/107] | 在馆 | |
| 4 | 1199976 | 211999765 | 第三借阅区/ [索取号:S571.1/107] | 在馆 |